MARC

LEADER 00000nas a2200000 a 4500
001 ssj0047156
003 WaSeSS
005 20200512172242.0
006 m d
007 cr n
008 060816c20069999enktr pss 0 a0eng c
010 |a  2006249152 
015 |a GBA867607  |2 bnb 
022 |a 1746-9198  |l 1746-918X 
035 |a (WaSeSS)ssj0047156 
040 |a ZYU  |b eng  |c ZYU  |d OCL  |d OCLCQ  |d OCLCO  |d OCLCF  |d OCLCO  |d OCL  |d OCLCQ  |d NTG  |d AU@  |d WaSeSS 
042 |a pcc 
043 |a e-uk--- 
050 1 4 |a DA589.7  |b .B74 
082 0 4 |a 941.085 
245 0 0 |a British politics  |h [electronic resource] :  |b BP. 
246 3 0 |a BP 
260 |a Houndmills, Basingstoke, Hampshire, England :  |b Palgrave Macmillan,  |c 2006- 
310 |a Three issues per year 
362 0 |a Vol. 1, issue 1 (Apr. 2006)- 
500 |a Title from journal contents page (Palgrave Macmillan, viewed Aug., 16, 2006). 
506 |a License restrictions may limit access. 
538 |a Mode of access: World Wide Web. 
588 |a Latest issue consulted: Vol. 1, issue 2 (July 2006) (Palgrave Macmillan, viewed Aug. 16, 2006). 
648 7 |a Since 1945  |2 fast 
650 0 |a Representative government and representation  |z Great Britain  |v Periodicals. 
650 7 |a Politics and government  |2 fast  |0 (OCoLC)fst01919741 
650 7 |a Representative government and representation.  |2 fast  |0 (OCoLC)fst01094941 
651 0 |a Great Britain  |x Politics and government  |y 1945-  |v Periodicals. 
651 7 |a Great Britain.  |2 fast  |0 (OCoLC)fst01204623 
655 0 |a Electronic journals. 
776 0 8 |i Print version:  |t British politics  |x 1746-918X  |w (OCoLC)82673032 
856 4 0 |z Full text available from Research Library: 04/01/2007 to 1 year ago  |u https://search.proquest.com/publication/38875